| 000 | 00579nam a22002057a 4500 | ||
|---|---|---|---|
| 005 | 20241010132504.0 | ||
| 008 | 240320b |||||||| |||| 00| 0 eng d | ||
| 020 | _a9788131210369 | ||
| 082 |
_a616.07 _bKUM-R |
||
| 100 | _aKumar, Vinay | ||
| 245 |
_aRobbins Basic Pathology / _cKumar Vinay, Abul Abbas K, Nelson Fausto MD, |
||
| 250 | _a8th ed. | ||
| 260 |
_aCanada : _bElsevier ; _c2007. |
||
| 300 |
_axi; 946p. : _bill; _c27 cm. |
||
| 500 | _aInclude Index . | ||
| 650 | _aMedical / Pathology | ||
| 700 | _aAbbas, Abul K | ||
| 700 | _a Nelson Fausto MD, | ||
| 999 |
_c35399 _d35399 |
||